Normal view
MARC view
- Sinclair, Joseph T
Entry Personal Name
001 - CONTROL NUMBER
- control field: 58269
003 - CONTROL NUMBER IDENTIFIER
- control field: NUST
005 - DATE AND TIME OF LATEST TRANSACTION
- control field: 20210628202109.0
008 - FIXED-LENGTH DATA ELEMENTS
- fixed length control field: 210628|| aca||aabn | a|a d
040 ## - CATALOGING SOURCE
- Original cataloging agency: NUST
- Transcribing agency: NUST
100 ## - HEADING--PERSONAL NAME
- Personal name: Sinclair, Joseph T
670 ## - SOURCE DATA FOUND
- Source citation: Work cat.: (NUST): Sinclair, Joseph T, Ebay the smart way , selling, buying, and profiting on the web's, 2001
